000 00298nam a22001217a 4500
008 180208b xxu||||| |||| 00| 0 eng d
041 _aeng
080 _a611.085
100 _a9
101 _ashm
245 _ahistological tuping upper respiratory tract tumours
_csobin.l.h
942 _2udc
_cBK
999 _c42132
_d42132